000 00271nam a22001217a 4500
008 181003b xxu||||| |||| 00| 0 eng d
041 _aeng
080 _a159.9
100 _a48
101 _aPSI
245 _aDevelopment In A Divided World
_cJoy.L
942 _2udc
_cBK
999 _c48806
_d48806